000 00584nam a22001817a 4500
005 20251108165355.0
008 250721s1986 xx 000 0 ara d
082 1 4 _aم/016.09/كنج
100 1 _aكنج، ديفيد ،أ.
245 1 0 _aفهرس المخطوطات العلمية المحفوظة بدار الكتب المصرية /
264 1 _aالقاهره :
_bوزارة الثقافة-دار الكتب المصرية،
_c1986.
300 _a
650 1 7 _aالمخطوطات
650 1 7 _aالفهارس
650 1 7 _aمصر
942 _2ddc
_cREF
999 _c26354
_d26354